[Event "CZE-ch Juniors op-B"]
[Site "Sec u Chrudimi"]
[Date "2007.03.17"]
[Round "9"]
[White "Bauer, Tomas"]
[Black "Svach, Jan"]
[Result "0-1"]
[WhiteElo "1587"]
[BlackElo "1515"]
[PlyCount "54"]
[EventDate "2007.03.10"]
[EventType "swiss"]
[EventRounds "9"]
[EventCountry "CZE"]
[SourceTitle "EXT 2008"]
[Source "ChessBase"]
[SourceDate "2007.11.25"]
[SourceVersion "1"]
[SourceVersionDate "2007.11.25"]
[SourceQuality "1"]

1. d4 Nf6 2. c4 g6 3. Nc3 Bg7 4. e4 d6 5. f3 0-0 6. Bd3 Nbd7 7. Nge2 b6 8. Be3 Bb7 9. 0-0 c5 10. d5 a6 11. a4 e6 12. Bg5 Qc7 13. Qd2 exd5 14. Nxd5 Bxd5 15. exd5 Ne5 16. Nc3 Nxd3 17. Qxd3 Rfe8 18. Rfe1 Qd7 19. Re2 Rxe2 20. Qxe2 Re8 21. Qd2 Re5 22. Bxf6 Bxf6 23. Ne4 Bg7 24. Ra2 Qe7 25. Qf4 f5 26. Ng3 Re3 27. Kf1 Re1+ 0-1

[Event "CZE-ch Juniors op-B"]
[Site "Sec u Chrudimi"]
[Date "2007.03.16"]
[Round "8"]
[White "Kaluzny, Jiri"]
[Black "Bauer, Tomas"]
[Result "1-0"]
[WhiteElo "1668"]
[BlackElo "1587"]
[PlyCount "89"]
[EventDate "2007.03.10"]
[EventType "swiss"]
[EventRounds "9"]
[EventCountry "CZE"]
[SourceTitle "EXT 2008"]
[Source "ChessBase"]
[SourceDate "2007.11.25"]
[SourceVersion "1"]
[SourceVersionDate "2007.11.25"]
[SourceQuality "1"]

1. e4 e5 2. Nf3 Nf6 3. Nxe5 d6 4. Nf3 Nxe4 5. d4 d5 6. Bd3 Bf5 7. 0-0 Be7 8. Re1 0-0 9. Nbd2 Nd6 10. Nf1 Nd7 11. Bf4 Bxd3 12. Qxd3 Re8 13. Re2 Nf6 14. Rae1 Qd7 15. Ng3 Nde4 16. Ne5 Qe6 17. f3 g5 18. Bc1 Nxg3 19. hxg3 Nd7 20. Qb5 Nb6 21. Ng4 Qd6 22. Bxg5 Bxg5 23. Rxe8+ Rxe8 24. Qxe8+ Kg7 25. f4 Bf6 26. Nxf6 Qxf6 27. Qe5 Qxe5 28. fxe5 Nd7 29. Kh2 b6 30. Kh3 c5 31. c3 Kg6 32. Kg4 Nb8 33. e6 fxe6 34. Rxe6+ Kf7 35. Rd6 cxd4 36. cxd4 b5 37. Rxd5 a6 38. Rd6 b4 39. Rb6 Nd7 40. Rxb4 Ke6 41. Rb7 Nf6+ 42. Kf3 Kd5 43. g4 Kxd4 44. g5 Nd5 45. Rxh7 1-0

[Event "CZE-ch Juniors op-B"]
[Site "Sec u Chrudimi"]
[Date "2007.03.12"]
[Round "4"]
[White "Bauer, Tomas"]
[Black "Hatas, Radim"]
[Result "1/2-1/2"]
[WhiteElo "1587"]
[BlackElo "1481"]
[PlyCount "102"]
[EventDate "2007.03.10"]
[EventType "swiss"]
[EventRounds "9"]
[EventCountry "CZE"]
[SourceTitle "EXT 2008"]
[Source "ChessBase"]
[SourceDate "2007.11.25"]
[SourceVersion "1"]
[SourceVersionDate "2007.11.25"]
[SourceQuality "1"]

1. d4 d5 2. c4 c6 3. Nc3 dxc4 4. e3 b5 5. a4 Qb6 6. d5 b4 7. Ne4 cxd5 8. Qxd5 Bb7 9. Qxc4 Ba6 10. Qd5 Bb7 11. Bb5+ Nc6 12. a5 Rd8 13. Qxf7+ Kxf7 14. axb6 axb6 15. Bc4+ Ke8 16. Bb5 Ra8 17. Rxa8+ Bxa8 18. Nf3 Nf6 19. Nxf6+ exf6 20. Nd4 Kd7 21. 0-0 Bc5 22. Rd1 Bxd4 23. Rxd4+ Ke7 24. Bxc6 Bxc6 25. Rxb4 Rd8 26. Rd4 Rxd4 27. exd4 Kd6 28. Be3 Kd5 29. f3 Kc4 30. d5 Bxd5 31. Bxb6 Kd3 32. Kf2 Kc4 33. Ke3 Kb5 34. Bd4 Kc4 35. h4 Bc6 36. g3 Kd5 37. b4 Ke6 38. h5 Kd5 39. Bc5 Ke5 40. Bf8 g6 41. hxg6 hxg6 42. Bg7 Ke6 43. f4 g5 44. fxg5 fxg5 45. Kd4 g4 46. Kc5 Kd7 47. Kb6 Be4 48. Kc5 Kc7 49. b5 Kb7 50. b6 Bf3 51. Be5 Bc6 1/2-1/2

[Event "CZE Juniorcentrum op-B"]
[Site "Sec u Chrudimi"]
[Date "2005.10.26"]
[Round "6"]
[White "Straka, Ondrej"]
[Black "Bauer, Tomas"]
[Result "0-1"]
[WhiteElo "1671"]
[BlackElo "1595"]
[PlyCount "82"]
[EventDate "2005.10.22"]
[EventType "swiss"]
[EventRounds "9"]
[EventCountry "CZE"]
[SourceTitle "EXT 2008"]
[Source "ChessBase"]
[SourceDate "2007.11.25"]
[SourceVersion "1"]
[SourceVersionDate "2007.11.25"]
[SourceQuality "1"]

1. e4 e5 2. Nf3 Nf6 3. Nxe5 d6 4. Nf3 Nxe4 5. Nc3 d5 6. Bd3 Bf5 7. Qe2 Bc5 8. 0-0 0-0 9. Nxe4 Re8 10. Nxc5 Rxe2 11. Bxe2 b6 12. Bd3 Bxd3 13. Nxd3 c5 14. b3 Nc6 15. Re1 f6 16. Ba3 a6 17. Nf4 g5 18. Ne2 Kf7 19. Rad1 d4 20. d3 Ne5 21. Nxe5+ fxe5 22. Ng3 Ke6 23. Re4 Qf6 24. Rde1 Rf8 25. f3 a5 26. Bc1 Rg8 27. Nh5 Qf5 28. f4 gxf4 29. Bxf4 Qg6 30. Rxe5+ Kd7 31. g3 Qf7 32. Bd2 Rf8 33. Nf4 Qf6 34. Re7+ Kd8 35. Rxh7 Rh8 36. Re6 Qf8 37. Ree7 Rxh7 38. Rxh7 Qg8 39. Rb7 Qg4 40. Be1 Qd1 41. Kf1 Qf3+ 0-1

[Event "CZE Juniorcentrum op-B"]
[Site "Sec u Chrudimi"]
[Date "2005.10.24"]
[Round "3"]
[White "Bauer, Tomas"]
[Black "Kaluzny, Jiri"]
[Result "1-0"]
[WhiteElo "1595"]
[BlackElo "1658"]
[PlyCount "97"]
[EventDate "2005.10.22"]
[EventType "swiss"]
[EventRounds "9"]
[EventCountry "CZE"]
[SourceTitle "EXT 2008"]
[Source "ChessBase"]
[SourceDate "2007.11.25"]
[SourceVersion "1"]
[SourceVersionDate "2007.11.25"]
[SourceQuality "1"]

1. d4 d5 2. e4 e6 3. e5 c5 4. f4 Nc6 5. Nf3 Qb6 6. c3 cxd4 7. cxd4 Bb4+ 8. Nc3 Nh6 9. Bd3 Bd7 10. a3 Be7 11. Bc2 Nf5 12. Bxf5 exf5 13. Nxd5 Qa5+ 14. Nc3 Bb4 15. Bd2 Bxc3 16. Bxc3 Qd5 17. 0-0 0-0-0 18. Rc1 h6 19. Qd2 Rdg8 20. Bb4 g5 21. Rc5 Qb3 22. d5 gxf4 23. dxc6 Bxc6 24. Rc3 Qe6 25. Qd6 Rg6 26. Rfc1 Qd7 27. Qc5 Kb8 28. Qe7 Rxg2+ 29. Kh1 Rxb2 30. Qxd7 Bxd7 31. Bd6+ Ka8 32. R3c2 Rb3 33. Nd4 Rd3 34. Nb5 Bc6+ 35. Rxc6 bxc6 36. Rxc6 Rd1+ 37. Kg2 Rg8+ 38. Kf2 Kb7 39. Rc3 Kb6 40. a4 Ra1 41. Bc7+ Ka6 42. Nd6 Rb1 43. Rc6+ Rb6 44. Bxb6 axb6 45. Nxf7 Re8 46. Rxh6 Re7 47. e6 Ka5 48. Nd6 Rc7 49. Nxf5 1-0

[Event "Tabor op"]
[Site "Tabor"]
[Date "2005.08.06"]
[Round "9"]
[White "Bauer, Tomas"]
[Black "Prochazka, Pavel"]
[Result "1/2-1/2"]
[WhiteElo "1496"]
[BlackElo "1613"]
[PlyCount "166"]
[EventDate "2005.07.30"]
[EventType "swiss"]
[EventRounds "9"]
[EventCountry "CZE"]
[SourceTitle "EXT 2006"]
[Source "ChessBase"]
[SourceDate "2005.11.24"]
[SourceVersion "1"]
[SourceVersionDate "2005.11.24"]
[SourceQuality "1"]

1. d4 d5 2. c4 e6 3. Nc3 Nf6 4. Bg5 Be7 5. e3 b6 6. cxd5 Nxd5 7. Bxe7 Qxe7 8. Nxd5 exd5 9. Qc2 Qb4+ 10. Qc3 Qxc3+ 11. bxc3 Ba6 12. Be2 0-0 13. Rc1 Bc4 14. Bxc4 dxc4 15. Nf3 Nd7 16. Nd2 b5 17. 0-0 f5 18. f3 Rf6 19. e4 f4 20. e5 Ra6 21. Rc2 Kf7 22. Ne4 Nb6 23. Ng5+ Kg6 24. Ne6 Nd5 25. Nc5 Ra3 26. Rfc1 Kf5 27. g4+ Kg5 28. Ne6+ Kg6 29. h4 Re8 30. h5+ Kf7 31. Ng5+ Kg8 32. Ne4 Re6 33. Rb2 Rb6 34. g5 a6 35. h6 Rg6 36. hxg7 Kxg7 37. Kf2 c6 38. Ke2 h6 39. gxh6+ Kxh6 40. Rh1+ Kg7 41. Kd2 Rg2+ 42. Kc1 Rxb2 43. Kxb2 b4 44. Rg1+ Kf8 45. Rc1 Ra4 46. cxb4 Rxb4+ 47. Ka3 a5 48. Nd6 Ne3 49. Rc3 Ke7 50. Rxe3 fxe3 51. Nf5+ Ke6 52. Nxe3 c3 53. Nc2 Rb2 54. Ne1 Kd5 55. f4 Re2 56. Nf3 Rf2 57. Ne1 Rxf4 58. Kb3 Kxd4 59. Kc2 Rf2+ 60. Kb3 Rf4 61. Kc2 a4 62. Nd3 Re4 63. Nb4 Re2+ 64. Kd1 Rd2+ 65. Kc1 Kxe5 66. Nxc6+ Kd5 67. Nb4+ Kc5 68. Nc2 Kc4 69. Ne3+ Kd3 70. Nd5 Kc4 71. Ne3+ Kd4 72. Nc2+ Kd3 73. Nb4+ Kc4 74. Nc2 Rh2 75. Kd1 Rh1+ 76. Ke2 Rc1 77. Ne1 Rxe1+ 78. Kxe1 Kd3 79. Kd1 a3 80. Kc1 Kd4 81. Kc2 Kc4 82. Kc1 Kd3 83. Kd1 c2+ 1/2-1/2

[Event "Tabor op"]
[Site "Tabor"]
[Date "2005.08.??"]
[Round "?"]
[White "Bauer, Tomas"]
[Black "Straka, Zdenek"]
[Result "0-1"]
[WhiteElo "1496"]
[BlackElo "2071"]
[PlyCount "134"]
[EventDate "2005.07.30"]
[EventType "swiss"]
[EventRounds "9"]
[EventCountry "CZE"]
[SourceTitle "EXT 2006"]
[Source "ChessBase"]
[SourceDate "2005.11.24"]
[SourceVersion "1"]
[SourceVersionDate "2005.11.24"]
[SourceQuality "1"]

1. d4 Nf6 2. Nc3 d5 3. e4 Nxe4 4. Nxe4 dxe4 5. f3 c5 6. d5 exf3 7. Nxf3 g6 8. Bc4 Bg7 9. 0-0 0-0 10. Qe2 Bg4 11. c3 Nd7 12. Bf4 Nb6 13. Rad1 Bxf3 14. Rxf3 Nxc4 15. Qxc4 b6 16. d6 e5 17. Bg3 Qd7 18. Qd5 Rae8 19. Re3 Re6 20. Bh4 Rfe8 21. Be7 Bf8 22. Bxf8 Kxf8 23. a3 f6 24. b4 cxb4 25. axb4 Rc8 26. c4 Ree8 27. c5 Red8 28. Rc3 Rc6 29. Ra1 bxc5 30. bxc5 a6 31. Rca3 Ra8 32. Ra5 Kg7 33. Rb1 Rac8 34. Rba1 Kh6 35. Rxa6 Rxc5 36. Qd2+ g5 37. Ra7 Qc6 38. d7 Rd8 39. Rd1 Rc2 40. Qd5 Qb6+ 41. Kh1 Qxa7 42. Qe6 Kg6 43. Qe8+ Rxe8 44. dxe8Q+ Qf7 45. Qa8 Rc7 46. Qe4+ Kg7 47. Qf5 Re7 48. Rd3 Qg6 49. Qf1 e4 50. Rd2 e3 51. Re2 Qe4 52. Kg1 h5 53. g3 h4 54. Qg2 Qb1+ 55. Qf1 Qxf1+ 56. Kxf1 hxg3 57. hxg3 g4 58. Re1 Kg6 59. Ke2 f5 60. Kd3 Kf6 61. Rxe3 Rxe3+ 62. Kxe3 Ke5 63. Kf2 Kd4 64. Ke2 Ke4 65. Kf2 Kd3 66. Kf1 Ke3 67. Kg2 Ke2 0-1